Les plus grandes agglomérations anglophones - Statistiques

Statistiques générales
  • Ce quiz a été pris 84 fois
  • Le résultat moyen est 20 sur 30
Statistiques - réponses
Population Ville % Correct
10 558 797 Londres
100%
19 426 449 New York
97%
12 237 376 Los Angeles
96%
8 671 746 Chicago
93%
2 720 316 Manchester
87%
3 269 385 San Francisco
86%
5 174 759 Washington
86%
6 077 522 Miami
84%
5 041 275 Sydney
84%
5 647 656 Toronto
84%
5 732 354 Dallas
81%
5 853 575 Houston
77%
4 382 009 Boston
75%
3 544 011 Seattle
74%
5 103 528 Melbourne
71%
2 590 363 Birmingham
68%
3 776 890 Detroit
67%
2 426 160 Vancouver
65%
2 196 623 Las Vegas
62%
3 976 313 Phoenix
61%
4 999 259 Atlanta
58%
5 696 125 Philadelphie
58%
3 070 300 San Diego
55%
2 686 147 Denver
49%
2 622 585 Brisbane
46%
2 289 366 Perth
45%
2 914 866 Minneapolis
29%
2 212 038 Baltimore
25%
2 783 045 Tampa
17%
2 276 703 Riverside
0%
Aucun quiz correspondant
Distribution des résultats
% des personnes avec chaque résultat
Percentile par nombre de réponses
Votre historique - résultats
Vous n’avez pas pris ce quiz